000 00303nam a2200109Ia 4500
008 200302s9999 xx 000 0 und d
100 _aFaculty of Architecture
245 _athe Architecture Year Book 2010-2011 Semester 1
260 _bCept University Press Ahmedabad
260 _c2010
300 _a143 P.,
999 _c3219
_d3219